El derecho en la obra de Kafka : una aproximación fragmentaria /

Gespeichert in:
Bibliographische Detailangaben
1. Verfasser: Silva, Lorenzo (VerfasserIn)
Format: Elektronisch E-Book
Sprache:Spanisch
Veröffentlicht: Madrid : Ediciones Complutense, [2025]
Ausgabe:Primera edición.
Schlagworte:
Online-Zugang:Digitalia Hispánica
Tags: Tag hinzufügen
Keine Tags, Fügen Sie den ersten Tag hinzu!

MARC

LEADER 00000nam a2200000Ii 4500
001 DIGCOMPLT0139
003 NyNyDIG
006 m o d
007 cr |||||||||||
008 250909s2025 sp ob 000 0 spa d
035 |a (OCoLC)1527723888 
040 |a DGITA  |b eng  |e rda  |e pn  |c DGITA 
020 |a 9788466939065  |q pdf 
020 |z 9788466939058 
050 1 4 |a PT2621.A26 ebook 
100 1 |a Silva, Lorenzo,  |e author. 
245 1 3 |a El derecho en la obra de Kafka :  |b una aproximación fragmentaria /  |c Lorenzo Silva. 
250 |a Primera edición. 
264 1 |a Madrid :  |b Ediciones Complutense,  |c [2025] 
300 |a 1 online resource. 
336 |a text  |b txt  |2 rdacontent 
337 |a computer  |b c  |2 rdamedia 
338 |a online resource  |b cr  |2 rdacarrier 
347 |a text file  |2 rdaft 
347 |b PDF 
504 |a Includes bibliographical references. 
588 0 |a Online resource; title from PDF title page (Digitalia, viewed September 9, 2025) 
600 1 0 |a Kafka, Franz,  |d 1883-1924  |x Law. 
791 2 |a Digitalia (Firm),  |e distributor. 
793 0 |g Digitalia eBook Collection:  |a Ediciones Complutense 
776 0 8 |i Print version:  |a Silva, Lorenzo.  |t Derecho en la obra de Kafka.  |b Primera edición.  |d Madrid : Ediciones Complutense, [2025]  |z 9788466939058 
856 4 0 |3 Digitalia Hispánica  |u https://digitalia.unach.elogim.com/a/176019/ 
910 |a Premium collection: 2025